| 000 | 00461nam a2200181Ia 4500 | ||
|---|---|---|---|
| 001 | 21207 | ||
| 005 | 20260306172902.0 | ||
| 008 | 260306t2020||||xx |||||||||||||| ||spa|| | ||
| 041 | _aESP | ||
| 082 |
_a344.2 _bP42 |
||
| 100 |
_aPeña Cabrera Freyre, Alonso Raúl _eAUT |
||
| 245 | 0 | _aEl proceso penal especial de colaboración eficaz | |
| 260 | _c2020 | ||
| 300 |
_a600 páginas : _c25 cm. |
||
| 650 | _aGEN | ||
| 654 | _aCDE | ||
| 942 |
_cLIB _dJUS _fJUS _2ddc _n |
||
| 999 |
_c21207 _d21207 |
||